000 00464nam a2200181 a 4500
001 14067
005 20180713202519.0
008 140415s1994 mx 000 0 spa d
020 _a9682450217
041 _aspa
082 _a730.11
_bACH
100 1 _aACHA, JUAN
245 1 0 _aEXPRESION Y APRECIACION ARTISTICAS :
_bARTES PLASTICAS
250 _a2a ed.
260 _aMEXICO :
_bTRILLAS,
_c1994
300 _a240
650 1 4 _aARTES
_xENSEANZA
999 _c14067
_d14067